Sistemas de información administrativos: la informática aplicada a la administración de organizaciones

में बचाया:
ग्रंथसूची विवरण
मुख्य लेखक: Barros V., Oscar (लेखक)
स्वरूप: पुस्तक
भाषा:स्पेनिश
प्रकाशित: Santiago Universitaria 1978
संस्करण:2a. ed
विषय:
टैग: टैग जोड़ें
कोई टैग नहीं, इस रिकॉर्ड को टैग करने वाले पहले व्यक्ति बनें!

MARC

LEADER 00000nam a2200000 a 4500
001 UCV4304
003 CL-VaPUC
008 910606e19780000CL |||||||||||||||||spa|d
082 0 4 |a 004.2  |b BAR  |2 21 
100 0 |a Barros V., Oscar  |e author  |9 298629 
245 1 0 |a Sistemas de información administrativos: la informática aplicada a la administración de organizaciones 
250 |a 2a. ed 
300 |a 230 p 
942 |c BK 
945 |d 19910606 00:00:00 
260 |a Santiago  |b Universitaria  |c 1978 
650 0 |a Sistemas de información en administración  |9 260041 
583 |a last modification  |c 20150417 17:44:51  |k Rodrigo Vera 
999 |c 211215  |d 211213 
952 |0 0  |1 0  |4 0  |6 004_200000000000000_BAR_1978  |7 0  |8 P  |9 189673  |a BIBENE  |b BIBENE  |d 2019-11-14  |i 1414216  |o 004.2 BAR 1978  |p 1414216  |r 2025-01-15  |w 2019-11-14  |y BK  |k ICO